Danse avec les Stars - Tous les vainqueurs (danseurs pros) - Statistiques

Statistiques générales
  • Ce quiz a été pris 47 fois
  • Le résultat moyen est 13 sur 15
Statistiques - réponses
Saisons Stars Danseurs/ses % Correct
Saison 6 Loïc Nottet Denitsa Ikonomova
95%
Saison 11 Tayc Fauve Hautot
95%
Saison 15 Samuel Bambi Ana Riera
92%
Saison 5 Rayane Bensetti Denitsa Ikonomova
92%
Saison 7 Laurent Maistret Denitsa Ikonomova
92%
Saison 1 M. Pokora Katrina Patchett
92%
Saison 10 Sami El Gueddari Fauve Hautot
92%
Saison 12 Billy Crawford Fauve Hautot
92%
Saison 14 Lénie Vachet Jordan Mouillerac
92%
Saison 13 Natasha St-Pier Anthony Colette
84%
Saison 9 Clément Rémiens Denitsa Ikonomova
84%
Saison 3 Emmanuel Moire Fauve Hautot
84%
Saison 4 Alizée Grégoire Lyonnet
79%
Saison 2 Shy'm Maxime Dereymez
79%
Saison 8 Agustín Galiana Candice Pascal
74%
Aucun quiz correspondant
Distribution des résultats
% des personnes avec chaque résultat
Percentile par nombre de réponses
Votre historique - résultats
Vous n’avez pas pris ce quiz